[Event "GBR-ch Seniors 50 108th"]
[Site "Torquay"]
[Date "2022.08.14"]
[Round "7"]
[White "McCarron, Peter DJ"]
[Black "Patrick, David A"]
[Result "1-0"]
[WhiteElo "1616"]
[BlackElo "1803"]
[PlyCount "107"]
[EventDate "2022.08.08"]
[EventType "swiss"]
[EventRounds "7"]
[EventCountry "ENG"]
[SourceTitle "EXT 2024"]
[Source "ChessBase"]
[SourceDate "2023.10.10"]
[SourceVersion "1"]
[SourceVersionDate "2023.10.10"]
[SourceQuality "1"]

1. e4 e6 2. d3 c5 3. g3 Nc6 4. Bg2 g6 5. c4 Bg7 6. Ne2 Nge7 7. Nbc3 a6 8. Be3 Nd4 9. Rb1 Nec6 10. 0-0 0-0 11. a3 d6 12. b4 Bd7 13. Qd2 Nxe2+ 14. Nxe2 Nd4 15. bxc5 dxc5 16. Bxd4 cxd4 17. Rxb7 Bc6 18. Rb2 Qc7 19. Rfb1 Rfb8 20. f4 Rxb2 21. Qxb2 e5 22. Qb6 Qxb6 23. Rxb6 Ba4 24. fxe5 Bxe5 25. Rb2 g5 26. Kf2 Kf8 27. Ng1 Rb8 28. Rxb8+ Bxb8 29. Nf3 h6 30. Ke2 Ba7 31. Bh3 Bc5 32. Bc8 a5 33. Ba6 Ke7 34. Bb5 Bxb5 35. cxb5 a4 36. Kd2 Kd6 37. Kc2 g4 38. Nd2 f6 39. Nc4+ Kc7 40. Nb2 Bxa3 41. Nxa4 Bb4 42. Kd1 h5 43. Ke2 h4 44. gxh4 Bd6 45. h5 Bf4 46. Nc5 Kb6 47. Nd7+ Kxb5 48. Nxf6 Bxh2 49. Nxg4 Bd6 50. e5 Bf8 51. Kf3 Kc5 52. Ke4 Bg7 53. h6 Bh8 54. h7 1-0

[Event "GBR-ch U1900 106th"]
[Site "Torquay"]
[Date "2019.08.02"]
[Round "5"]
[White "Patrick, David A"]
[Black "Ramdewar, Ishan"]
[Result "1/2-1/2"]
[WhiteElo "1897"]
[BlackElo "1790"]
[PlyCount "82"]
[EventDate "2019.07.29"]
[EventType "swiss"]
[EventRounds "7"]
[EventCountry "ENG"]
[SourceTitle "EXT 2025"]
[Source "ChessBase"]
[SourceDate "2024.10.14"]
[SourceVersion "1"]
[SourceVersionDate "2024.10.14"]
[SourceQuality "1"]

1. e4 e5 2. Nf3 Nc6 3. Bb5 f5 4. d3 fxe4 5. dxe4 Nf6 6. Qd3 Bc5 7. 0-0 d6 8. Nc3 0-0 9. Be3 Bxe3 10. fxe3 Kh8 11. Rad1 Be6 12. Nd5 Ne7 13. Nxf6 gxf6 14. Bc4 Qd7 15. Qb3 Bxc4 16. Qxc4 Ng6 17. Rd2 f5 18. exf5 Rxf5 19. Qg4 Rf7 20. Qxd7 Rxd7 21. Rdf2 Rf8 22. g3 Kg8 23. Ng5 Rxf2 24. Rxf2 h6 25. Ne4 Rf7 26. c4 Kg7 27. Nc3 Rxf2 28. Kxf2 c6 29. b4 Kf6 30. Kf3 Ne7 31. e4 Nc8 32. Nd1 Nb6 33. Ne3 Ke6 34. Kg4 d5 35. cxd5+ cxd5 36. exd5+ Nxd5 37. Nxd5 Kxd5 38. Kf3 Kd4 39. g4 Kd3 40. Kf2 Kd2 41. Kf3 Kd3 1/2-1/2

[Event "GBR-ch U1900 106th"]
[Site "Torquay"]
[Date "2019.07.31"]
[Round "3"]
[White "Patrick, David A"]
[Black "Tarbuck, Laurence Jm"]
[Result "1-0"]
[WhiteElo "1897"]
[BlackElo "1650"]
[PlyCount "57"]
[EventDate "2019.07.29"]
[EventType "swiss"]
[EventRounds "7"]
[EventCountry "ENG"]
[SourceTitle "EXT 2025"]
[Source "ChessBase"]
[SourceDate "2024.10.14"]
[SourceVersion "1"]
[SourceVersionDate "2024.10.14"]
[SourceQuality "1"]

1. e4 g6 2. d4 Bg7 3. Nc3 c5 4. dxc5 Qa5 5. Qd3 Nc6 6. Qc4 Bxc3+ 7. Qxc3 Qxc3+ 8. bxc3 Nf6 9. Bd3 0-0 10. h3 a5 11. Rb1 a4 12. Be3 Ne8 13. Ne2 f5 14. 0-0 e5 15. f4 fxe4 16. Bxe4 exf4 17. Nxf4 Nf6 18. Bd5+ Kg7 19. Bf3 Ne5 20. Bxb7 Bxb7 21. Rxb7 Rfb8 22. Rfb1 Rxb7 23. Rxb7 g5 24. Ne2 Kf7 25. Bd4 Ke6 26. Rb6+ Nc6 27. Bxf6 Kxf6 28. Nd4 Rc8 29. Ra6 1-0

[Event "GBR-ch Atkins op 106th"]
[Site "Torquay"]
[Date "2019.07.26"]
[Round "1"]
[White "Verma, Aditya"]
[Black "Patrick, David A"]
[Result "1-0"]
[WhiteElo "2119"]
[BlackElo "1897"]
[PlyCount "67"]
[EventDate "2019.07.26"]
[EventType "swiss"]
[EventRounds "5"]
[EventCountry "ENG"]
[SourceTitle "EXT 2021"]
[Source "ChessBase"]
[SourceDate "2020.10.23"]
[SourceVersion "1"]
[SourceVersionDate "2020.10.23"]
[SourceQuality "1"]

1. e4 e6 2. d4 d5 3. Nd2 Nf6 4. e5 Nfd7 5. Bd3 c5 6. c3 Nc6 7. Ne2 cxd4 8. cxd4 f6 9. exf6 Nxf6 10. Nf3 Bd6 11. 0-0 Qc7 12. Nc3 a6 13. Bg5 0-0 14. Rc1 Bf4 15. Bxf4 Qxf4 16. Re1 Ng4 17. h3 Nxf2 18. Kxf2 Nxd4 19. Be2 Nf5 20. Qd2 Qg3+ 21. Kg1 Qb8 22. Bd3 Qa7+ 23. Kh2 Qb8+ 24. Kg1 Nh6 25. Qe3 Bd7 26. Ne2 Nf5 27. Bxf5 exf5 28. Ne5 Bb5 29. Nf4 Bc6 30. Qd4 Qd6 31. Nxc6 bxc6 32. Re6 Qd8 33. Rexc6 Re8 34. Rc7 1-0

[Event "BCF-chT2 1819 (4NCL) Demotion"]
[Site "England"]
[Date "2019.05.06"]
[Round "11.88"]
[White "Hurley, Jake1"]
[Black "Patrick, David A"]
[Result "0-1"]
[WhiteElo "1855"]
[BlackElo "1887"]
[PlyCount "62"]
[EventDate "2018.11.10"]
[EventType "team-tourn"]
[EventRounds "11"]
[EventCountry "ENG"]
[SourceTitle "EXT 2021"]
[Source "ChessBase"]
[SourceDate "2020.10.23"]
[SourceVersion "1"]
[SourceVersionDate "2020.10.23"]
[SourceQuality "1"]
[WhiteTeam "West is Best II"]
[BlackTeam "Bradford DCA Knights"]
[WhiteTeamCountry "ENG"]
[BlackTeamCountry "ENG"]

1. e4 e6 2. b3 d5 3. Bb2 dxe4 4. Nc3 Nf6 5. Qe2 Bd7 6. g4 Bc6 7. Bg2 h6 8. 0-0-0 Qe7 9. h4 Na6 10. g5 Nd5 11. Nxe4 Nab4 12. gxh6 Rxh6 13. Nh3 Nxa2+ 14. Kb1 Nab4 15. c4 Nf6 16. Nhg5 Nxe4 17. Bxe4 0-0-0 18. d4 Bxe4+ 19. Qxe4 Qe8 20. Qe3 Kb8 21. Bc3 f6 22. Nxe6 Qg6+ 23. Rd3 Nxd3 24. Nxf8 Rxf8 25. h5 Rxh5 26. Rxh5 Nb4+ 27. Kb2 Qxh5 28. Bxb4 Re8 29. Qg3 Qe2+ 30. Ka3 Re6 31. Ba5 b6 0-1

[Event "BCF-chT2a 1819 (4NCL)"]
[Site "England"]
[Date "2018.11.11"]
[Round "2.48"]
[White "Patrick, David A"]
[Black "Phillips, David"]
[Result "1/2-1/2"]
[WhiteElo "1880"]
[BlackElo "1825"]
[PlyCount "107"]
[EventDate "2018.11.10"]
[EventType "team-tourn"]
[EventRounds "11"]
[EventCountry "ENG"]
[SourceTitle "EXT 2021"]
[Source "ChessBase"]
[SourceDate "2020.10.23"]
[SourceVersion "1"]
[SourceVersionDate "2020.10.23"]
[SourceQuality "1"]
[WhiteTeam "Bradford DCA Knights"]
[BlackTeam "Warwicks Select"]
[WhiteTeamCountry "ENG"]
[BlackTeamCountry "ENG"]

1. e4 e6 2. d4 d5 3. exd5 exd5 4. Bd3 Bd6 5. Nf3 Nf6 6. Bg5 Qe7+ 7. Qe2 Qxe2+ 8. Bxe2 Ne4 9. Be3 0-0 10. 0-0 Bg4 11. h3 Bh5 12. g4 Bg6 13. Nh4 Re8 14. Nxg6 hxg6 15. Bd3 Nd7 16. Nd2 Ndf6 17. Nb3 c6 18. a3 a5 19. Rad1 a4 20. Nc1 b5 21. c3 Nd7 22. Bxe4 Rxe4 23. Nd3 f5 24. gxf5 gxf5 25. Bg5 Kf7 26. Kg2 Nb6 27. f3 Re2+ 28. Rf2 Rxf2+ 29. Kxf2 Nc4 30. Re1 Re8 31. Rxe8 Kxe8 32. Ke2 Kf7 33. Kd1 Kg6 34. h4 Kh5 35. Kc2 Bg3 36. Be7 Bxh4 37. Nf4+ Kh6 38. Bxh4 g5 39. Bxg5+ Kxg5 40. Nd3 Kh4 41. Kd1 Kg3 42. Ke2 f4 43. Nb4 Nxb2 44. Nxc6 Nc4 45. Nb4 Nxa3 46. Nxd5 Nb1 47. Kd3 Kxf3 48. c4 bxc4+ 49. Kxc4 Ke4 50. Nxf4 a3 51. Kb3 Kxd4 52. Ka2 Ke4 53. Kxb1 Kxf4 54. Ka2 1/2-1/2

[Event "BCF-chT3N 1718 (4NCL)"]
[Site "England"]
[Date "2018.01.14"]
[Round "4.73"]
[White "Patrick, David A"]
[Black "Hinchcliffe, Gary"]
[Result "1/2-1/2"]
[WhiteElo "1893"]
[BlackElo "1892"]
[PlyCount "50"]
[EventDate "2017.11.11"]
[EventType "team-swiss"]
[EventRounds "11"]
[EventCountry "ENG"]
[SourceTitle "EXT 2020"]
[Source "ChessBase"]
[SourceDate "2019.10.17"]
[SourceVersion "1"]
[SourceVersionDate "2019.10.17"]
[SourceQuality "1"]
[WhiteTeam "Bradford DCA Knights II"]
[BlackTeam "Shropshire II"]
[WhiteTeamCountry "ENG"]
[BlackTeamCountry "ENG"]

1. e4 e6 2. d4 d5 3. exd5 exd5 4. Bd3 Bd6 5. Nf3 Ne7 6. Bg5 0-0 7. 0-0 f6 8. Bh4 Nf5 9. Bg3 Nxg3 10. hxg3 Bg4 11. c3 c6 12. Qc2 f5 13. Nh2 Qg5 14. Nd2 Nd7 15. Ndf3 Bxf3 16. Nxf3 Qf6 17. Rae1 g6 18. Re2 Rae8 19. Rfe1 Qd8 20. Qc1 Rxe2 21. Rxe2 Re8 22. Rxe8+ Qxe8 23. Qh6 Qf8 24. Qg5 Qf6 25. Qe3 Qe7 1/2-1/2

[Event "GBR-ch Atkins op 104th"]
[Site "Llandudno"]
[Date "2017.07.29"]
[Round "2"]
[White "Wells, Jonathan C"]
[Black "Patrick, David A"]
[Result "0-1"]
[WhiteElo "2037"]
[BlackElo "1879"]
[PlyCount "98"]
[EventDate "2017.07.28"]
[EventType "swiss"]
[EventRounds "5"]
[EventCountry "WLS"]
[SourceTitle "EXT 2019"]
[Source "ChessBase"]
[SourceDate "2018.10.10"]
[SourceVersion "1"]
[SourceVersionDate "2018.10.10"]
[SourceQuality "1"]

1. d4 d5 2. c4 c6 3. Nf3 Nf6 4. e3 Bf5 5. Nc3 e6 6. Nh4 Bg6 7. Be2 Bd6 8. g3 Nbd7 9. 0-0 0-0 10. Nxg6 hxg6 11. b3 Rc8 12. Bb2 Re8 13. Rc1 Nf8 14. Qc2 N8h7 15. Bf3 Qa5 16. Rfd1 Ng5 17. Bg2 Ba3 18. f4 Ngh7 19. Na4 Bxb2 20. Nxb2 Ng4 21. Re1 f5 22. Nd3 b6 23. c5 b5 24. h3 Ngf6 25. Ne5 g5 26. Ra1 gxf4 27. exf4 Ne4 28. g4 g5 29. Rf1 Qd8 30. Qc1 Ng3 31. Re1 Ne4 32. Qe3 gxf4 33. Qxf4 Qf6 34. Rf1 Rf8 35. Rad1 Nc3 36. Rd2 Ng5 37. Nd7 Qg7 38. Nxf8 Rxf8 39. Kh2 Nce4 40. Bxe4 dxe4 41. Rg2 Qh6 42. gxf5 Rxf5 43. Qb8+ Kh7 44. Qc7+ Kh8 45. Qd8+ Kh7 46. Rxf5 Qxh3+ 47. Kg1 Qe3+ 48. Rff2 Nf3+ 49. Kh1 Qe1+ 0-1

[Event "BCF-chT3N 1617 (4NCL)"]
[Site "England"]
[Date "2017.04.29"]
[Round "9.71"]
[White "Collins, Richard Arnold"]
[Black "Patrick, David A"]
[Result "1/2-1/2"]
[WhiteElo "1967"]
[BlackElo "1878"]
[PlyCount "48"]
[EventDate "2016.11.26"]
[EventType "team-swiss"]
[EventRounds "11"]
[EventCountry "ENG"]
[SourceTitle "EXT 2019"]
[Source "ChessBase"]
[SourceDate "2018.10.10"]
[SourceVersion "1"]
[SourceVersionDate "2018.10.10"]
[SourceQuality "1"]
[WhiteTeam "Manchester Manticores III"]
[BlackTeam "Bradford DCA Knights III"]
[WhiteTeamCountry "ENG"]
[BlackTeamCountry "ENG"]

1. e4 e6 2. d4 d5 3. e5 c5 4. c3 Nc6 5. Nf3 Bd7 6. Be2 f6 7. 0-0 fxe5 8. dxe5 Qc7 9. Re1 Nge7 10. Bd3 h6 11. Na3 a6 12. h4 0-0-0 13. Be3 Nb8 14. b4 c4 15. Bc2 Be8 16. Bf4 Bh5 17. Qc1 Bxf3 18. gxf3 Nf5 19. Bxf5 exf5 20. Nc2 g5 21. Bd2 gxh4 22. Bf4 Qg7+ 23. Kh1 Qf7 24. Qe3 Qh5 1/2-1/2

[Event "Wakefield 4NCL op 13th"]
[Site "Wakefield"]
[Date "2017.04.09"]
[Round "5"]
[White "Vickery, Jim"]
[Black "Patrick, David A"]
[Result "1/2-1/2"]
[WhiteElo "1963"]
[BlackElo "1878"]
[PlyCount "24"]
[EventDate "2017.04.07"]
[EventType "swiss"]
[EventRounds "5"]
[EventCountry "ENG"]
[SourceTitle "CBM 177 Extra"]
[Source "ChessBase"]
[SourceDate "2017.04.27"]
[SourceVersion "1"]
[SourceVersionDate "2017.04.27"]
[SourceQuality "1"]

1. d4 d5 2. Nf3 Nf6 3. c4 c6 4. cxd5 cxd5 5. Nc3 Nc6 6. Bf4 Qb6 7. a3 e6 8. e3 a6 9. Bd3 Be7 10. h3 Bd7 11. 0-0 Rc8 12. Na4 Qa7 1/2-1/2

[Event "Wakefield 4NCL op 13th"]
[Site "Wakefield"]
[Date "2017.04.08"]
[Round "3"]
[White "Shaw, Peter"]
[Black "Patrick, David A"]
[Result "1-0"]
[WhiteElo "2083"]
[BlackElo "1878"]
[PlyCount "91"]
[EventDate "2017.04.07"]
[EventType "swiss"]
[EventRounds "5"]
[EventCountry "ENG"]
[SourceTitle "CBM 177 Extra"]
[Source "ChessBase"]
[SourceDate "2017.04.27"]
[SourceVersion "1"]
[SourceVersionDate "2017.04.27"]
[SourceQuality "1"]

1. d4 d5 2. Bf4 c6 3. e3 Qb6 4. Qc1 Bf5 5. Nf3 h6 6. Bd3 Bxd3 7. cxd3 Nf6 8. Nc3 e6 9. 0-0 Nbd7 10. e4 g5 11. Be3 Qa6 12. Qc2 Be7 13. a3 Nh5 14. b4 g4 15. Ne5 Nxe5 16. dxe5 Bg5 17. g3 Bxe3 18. fxe3 d4 19. exd4 Rd8 20. Qf2 Rd7 21. Qe3 Qb6 22. Ne2 Qd8 23. a4 Qg5 24. Qxg5 hxg5 25. b5 Ke7 26. bxc6 bxc6 27. Rfc1 f5 28. exf6+ Nxf6 29. Rxc6 Rb8 30. Rac1 Ne8 31. Kf2 Rb4 32. R6c4 Rb2 33. Ke3 Rdb7 34. R1c2 Rb1 35. Rc5 Kf6 36. d5 Rf1 37. Rc6 Rf3+ 38. Kd2 Rb3 39. Rxe6+ Kf7 40. Nc1 Ra3 41. Ra6 Rf2+ 42. Ne2 Rxh2 43. Rxa7+ Kf8 44. e5 Rf2 45. d6 Rf3 46. Nc1 1-0

[Event "BCF-chT2 1617 (4NCL) Demotion pool"]
[Site "England"]
[Date "2017.03.05"]
[Round "8.57"]
[White "Patrick, David A"]
[Black "Green, Anthony J"]
[Result "1/2-1/2"]
[WhiteElo "1862"]
[BlackElo "1975"]
[PlyCount "135"]
[EventDate "2016.11.19"]
[EventType "team-tourn"]
[EventRounds "11"]
[EventCountry "ENG"]
[SourceTitle "EXT 2019"]
[Source "ChessBase"]
[SourceDate "2018.10.10"]
[SourceVersion "1"]
[SourceVersionDate "2018.10.10"]
[SourceQuality "1"]
[WhiteTeam "Bradford DCA Knights"]
[BlackTeam "Warwicks Select II"]
[WhiteTeamCountry "ENG"]
[BlackTeamCountry "ENG"]

1. e4 d6 2. d4 Nf6 3. Nc3 Nbd7 4. Nf3 e5 5. Bc4 Be7 6. 0-0 c6 7. a4 Qc7 8. Bb3 h6 9. Qe2 0-0 10. Rd1 exd4 11. Nxd4 Nc5 12. Ba2 a5 13. h3 Re8 14. Qf3 Bf8 15. Bxh6 Nfxe4 16. Nxe4 Rxe4 17. Bf4 Qe7 18. Be3 d5 19. Bb1 Be6 20. c3 Rh4 21. Nf5 Bxf5 22. Qxf5 g6 23. Qc2 Bg7 24. Re1 Re4 25. Qd1 Re6 26. Bc2 Re8 27. Qf3 Bh6 28. b4 Bxe3 29. fxe3 axb4 30. cxb4 Ne4 31. Bxe4 Rxe4 32. b5 cxb5 33. axb5 d4 34. Rac1 Rxe3 35. Rxe3 dxe3 36. Qe2 Qe4 37. Qf3 Qxf3 38. gxf3 Re5 39. Kf1 Rxb5 40. Ke2 Rb3 41. f4 Kg7 42. h4 Kf6 43. Rc5 Rb2+ 44. Kxe3 Rh2 45. Rb5 Rxh4 46. Rxb7 Rh5 47. Ke4 Rf5 48. Rb6+ Kg7 49. Rb1 Rf6 50. Rb5 Re6+ 51. Kf3 f5 52. Rb8 Re7 53. Rb6 Kf7 54. Rc6 Re6 55. Rc7+ Kf6 56. Ra7 g5 57. fxg5+ Kxg5 58. Rg7+ Kf6 59. Ra7 Rc6 60. Kf4 Rc4+ 61. Kf3 Ke6 62. Ra6+ Ke5 63. Ra3 Rf4+ 64. Ke3 Re4+ 65. Kf3 Rd4 66. Ra5+ Rd5 67. Ra3 f4 68. Rb3 1/2-1/2

[Event "BCF-chT2b 1617 (4NCL)"]
[Site "England"]
[Date "2017.03.04"]
[Round "7.57"]
[White "Bimpson, Tom"]
[Black "Patrick, David A"]
[Result "1-0"]
[WhiteElo "2099"]
[BlackElo "1862"]
[PlyCount "67"]
[EventDate "2016.11.19"]
[EventType "team-tourn"]
[EventRounds "11"]
[EventCountry "ENG"]
[SourceTitle "EXT 2019"]
[Source "ChessBase"]
[SourceDate "2018.10.10"]
[SourceVersion "1"]
[SourceVersionDate "2018.10.10"]
[SourceQuality "1"]
[WhiteTeam "Spirit of Atticus"]
[BlackTeam "Bradford DCA Knights"]
[WhiteTeamCountry "ENG"]
[BlackTeamCountry "ENG"]

1. d4 d5 2. Bf4 Nf6 3. e3 Bf5 4. c4 c6 5. Nc3 e6 6. Qb3 Qb6 7. c5 Qxb3 8. axb3 Nbd7 9. b4 h6 10. h3 Be7 11. b5 Ne4 12. bxc6 bxc6 13. Ba6 e5 14. Bxe5 Nxe5 15. dxe5 Nxc5 16. Nf3 Bd3 17. Bxd3 Nxd3+ 18. Ke2 Nxb2 19. Nd4 Rc8 20. Rxa7 Nc4 21. f4 Bb4 22. Rc1 0-0 23. Ra4 Bc5 24. Ra6 Bb6 25. Nxc6 Bxe3 26. Rd1 Ra8 27. Rxa8 Rxa8 28. Nxd5 Ra2+ 29. Kf3 Bd2 30. Nde7+ Kh7 31. Nf5 g5 32. fxg5 hxg5 33. Nd6 Bf4 34. Nxc4 1-0

[Event "BCF-chT3Nd 1516 (4NCL)"]
[Site "England"]
[Date "2016.05.02"]
[Round "11.116"]
[White "Patrick, David A"]
[Black "Doran, Chris"]
[Result "0-1"]
[WhiteElo "1869"]
[BlackElo "1987"]
[PlyCount "88"]
[EventDate "2016.03.20"]
[EventType "team-swiss"]
[EventRounds "11"]
[EventCountry "ENG"]
[SourceTitle "EXT 2017"]
[Source "ChessBase"]
[SourceDate "2016.10.25"]
[SourceVersion "1"]
[SourceVersionDate "2016.10.25"]
[SourceQuality "1"]
[WhiteTeam "Bradford DCA Knights III"]
[BlackTeam "Holmes Chapel"]
[WhiteTeamCountry "ENG"]
[BlackTeamCountry "ENG"]

1. e4 c5 2. Nc3 Nc6 3. g3 g6 4. Bg2 Bg7 5. Nge2 d6 6. d3 e6 7. Be3 Nd4 8. 0-0 Ne7 9. f4 0-0 10. Qd2 Rb8 11. Nd1 b5 12. c3 Nxe2+ 13. Qxe2 b4 14. Qc2 Qa5 15. Qb3 Bd7 16. Qc2 bxc3 17. Nxc3 Nc6 18. Rab1 Rb6 19. f5 Nd4 20. Qd2 exf5 21. Nd5 Qxd2 22. Bxd2 Ra6 23. Nc3 Be6 24. Bf4 fxe4 25. dxe4 Rb8 26. Rfd1 Bxa2 27. Nxa2 Rxa2 28. Bxd6 Rb5 29. e5 Nf5 30. Rd3 c4 31. Ra3 Rxa3 32. Bxa3 Bxe5 33. Rd1 Bd4+ 34. Kh1 Bxb2 35. Rd8+ Kg7 36. Bf8+ Kf6 37. Rc8 Bd4 38. Be4 c3 39. g4 Ne3 40. Bd3 Ra5 41. Rc6+ Kg5 42. h4+ Kxh4 43. Kh2 Be5+ 44. Kg1 Kg3 0-1